Digital media & society / (Record no. 672)

MARC details
000 -LEADER
fixed length control field 02682nam a22004817a 4500
001 - CONTROL NUMBER
control field 22888809
005 - DATE AND TIME OF LATEST TRANSACTION
control field 20231025155319.0
008 - FIXED-LENGTH DATA ELEMENTS--GENERAL INFORMATION
fixed length control field 231025b |||||||| |||| 00| 0 eng d
010 ## - LIBRARY OF CONGRESS CONTROL NUMBER
LC control number 2022300686
015 ## - NATIONAL BIBLIOGRAPHY NUMBER
National bibliography number GBC1I9453
Source bnb
016 7# - NATIONAL BIBLIOGRAPHIC AGENCY CONTROL NUMBER
Record control number 020393295
Source Uk
020 ## - INTERNATIONAL STANDARD BOOK NUMBER
International Standard Book Number 9781529722505
Qualifying information (hardcover)
020 ## - INTERNATIONAL STANDARD BOOK NUMBER
International Standard Book Number 1529722500
Qualifying information (hardcover)
020 ## - INTERNATIONAL STANDARD BOOK NUMBER
International Standard Book Number 9781529722499
Qualifying information (paperback)
020 ## - INTERNATIONAL STANDARD BOOK NUMBER
International Standard Book Number 1529722497
Qualifying information (paperback)
035 ## - SYSTEM CONTROL NUMBER
System control number (OCoLC)on1285704783
040 ## - CATALOGING SOURCE
Original cataloging agency UKMGB
Language of cataloging eng
Transcribing agency KMU
Description conventions rda
Modifying agency KMU
042 ## - AUTHENTICATION CODE
Authentication code lccopycat
050 00 - LIBRARY OF CONGRESS CALL NUMBER
Classification number HM 851
Item number .L5515 2022
100 1# - MAIN ENTRY--PERSONAL NAME
Personal name Lindgren, Simon,
Relator term author.
245 10 - TITLE STATEMENT
Title Digital media & society /
Statement of responsibility, etc. Simon Lindgren.
246 3# - VARYING FORM OF TITLE
Title proper/short title Digital media and society
250 ## - EDITION STATEMENT
Edition statement 2nd edition.
264 #1 - PRODUCTION, PUBLICATION, DISTRIBUTION, MANUFACTURE, AND COPYRIGHT NOTICE
Place of production, publication, distribution, manufacture London ;
-- Thousand Oaks, California :
Name of producer, publisher, distributor, manufacturer SAGE Publications Ltd,
Date of production, publication, distribution, manufacture, or copyright notice [2022]
264 #4 - PRODUCTION, PUBLICATION, DISTRIBUTION, MANUFACTURE, AND COPYRIGHT NOTICE
Date of production, publication, distribution, manufacture, or copyright notice ©2022
300 ## - PHYSICAL DESCRIPTION
Extent 298 pages ;
Dimensions 24 cm
336 ## - CONTENT TYPE
Content type term text
Content type code txt
Source rdacontent
337 ## - MEDIA TYPE
Media type term unmediated
Media type code n
Source rdamedia
338 ## - CARRIER TYPE
Carrier type term volume
Carrier type code nc
Source rdacarrier
504 ## - BIBLIOGRAPHY, ETC. NOTE
Bibliography, etc. note Includes bibliographical references (pages 267-287) and index.
505 0# - FORMATTED CONTENTS NOTE
Formatted contents note Digital society -- Social media platforms -- Beyond optimism and pessimism -- Interaction and identity -- Communities and networks -- Visuality and visibility -- Emotions and affect -- Power and exploitation -- Activism and mobilisation -- Datafication and algorithms -- Software and devices -- Researching digital society -- Epilogue: Digital media and social change.
520 ## - SUMMARY, ETC.
Summary, etc. "What does it mean to live in a digital society? Does social media empower political activism? How do we form and express our identity in a digital age? Do algorithms and search engine results have a social role? How have software and hardware transformed how we interact with each other? In the early 21st century, digital media and the social have become irreversibly intertwined. In this cutting-edge introduction, Simon Lindgren explores what it means to live in a digital society. With succinct explanations of the key concepts, debates and theories you need to know, this is a must-have resource for students exploring digital media, social media, media and society, data and society, and the internet."--back cover.
650 #0 - SUBJECT ADDED ENTRY--TOPICAL TERM
Topical term or geographic name entry element Digital media
General subdivision Social aspects.
650 #0 - SUBJECT ADDED ENTRY--TOPICAL TERM
Topical term or geographic name entry element Information society.
650 #0 - SUBJECT ADDED ENTRY--TOPICAL TERM
Topical term or geographic name entry element Internet
General subdivision Social aspects.
650 #6 - SUBJECT ADDED ENTRY--TOPICAL TERM
Topical term or geographic name entry element Médias numériques
General subdivision Aspect social.
650 #6 - SUBJECT ADDED ENTRY--TOPICAL TERM
Topical term or geographic name entry element Société informatisée.
650 #6 - SUBJECT ADDED ENTRY--TOPICAL TERM
Topical term or geographic name entry element Internet
General subdivision Aspect social.
650 #7 - SUBJECT ADDED ENTRY--TOPICAL TERM
Topical term or geographic name entry element Digital media
General subdivision Social aspects.
Source of heading or term fast
Authority record control number or standard number (OCoLC)fst01766776
906 ## - LOCAL DATA ELEMENT F, LDF (RLIN)
a 7
b cbc
c copycat
d 2
e ncip
f 20
g y-gencatlg
942 ## - ADDED ENTRY ELEMENTS (KOHA)
Source of classification or shelving scheme Library of Congress Classification
Koha item type Non-Fiction
Suppress in OPAC No
Holdings
Withdrawn status Lost status Source of classification or shelving scheme Damaged status Not for loan Collection Home library Current library Shelving location Date acquired Source of acquisition Total Checkouts Full call number Barcode Date last seen Price effective from Koha item type
    Library of Congress Classification     Non-fiction Kapasa Makasa University Kapasa Makasa University Open Access 25.10.2023 ZLS   HM 851 Lin 300687 25.10.2023 25.10.2023 Non-Fiction